Odolnosť exportu v čase globálnych hrozieb diplomová práca

Na minha lista:
Detalhes bibliográficos
Autor principal: Škoda, Michael
Autor Corporativo: Obchodná fakulta EU. Katedra medzinárodného obchodu
Outros Autores: Steinhauser, Dušan, 1988-
Formato: Livro
Idioma:eslovaco
Publicado em: Bratislava 2025
Tags: Adicionar Tag
Sem tags, seja o primeiro a adicionar uma tag!

MARC

LEADER 00000nbm a2200000 4500
001 0310336
005 20251110133824.6
041 0 |a slo 
044 |a SK 
245 1 0 |a Odolnosť exportu v čase globálnych hrozieb  |b diplomová práca  |c Michael Škoda ; školiteľ: Dušan Steinhauser 
264 1 |a Bratislava  |c 2025 
300 |a 59 s. 
100 1 |a Škoda, Michael 
700 1 |a Steinhauser, Dušan, 1988- 
710 2 |a Obchodná fakulta EU. Katedra medzinárodného obchodu